000 00377nam a22001097a 4500
082 _a891.433/PAN/S
100 _aपाण्डेय, मृत्‍युंजय
_977666
245 _aनयी सदी नयी कहानिया
260 _aकोलकाता
_bआनन्‍द प्रकाशन
_c2020
650 _aकहानियां
942 _cHIN
999 _c69029
_d69029